[Event "Junior Online 4NCL Division 3"]
[Site "online"]
[Date "2021.02.04"]
[Round "2.121"]
[White "Nagar, Nikunj"]
[Black "Rida, Ruqayyah"]
[Result "0-1"]
[WhiteElo "658"]
[BlackElo "1540"]
[PlyCount "116"]
[EventDate "2021.02.04"]
[WhiteTeam "East Kilbride Bishops"]
[BlackTeam "Colchester Juniors A"]

1. e4 e5 2. Nf3 Nc6 3. Nc3 Nf6 4. Bc4 Bc5 5. d3 h6 6. Be3 Bb6 7. Qd2 d6 8. O-O
O-O 9. h3 Be6 10. Nd5 Kh7 11. Nxf6+ Qxf6 12. Bxb6 axb6 13. a3 Bxc4 14. dxc4 Qe6
15. Qd5 Qe7 16. b4 Ra7 17. c3 Rfa8 18. b5 Na5 19. Rfb1 Qe6 20. Qxe6 fxe6 21.
Rb4 Kg6 22. Kh2 Kf6 23. Kg3 Rd8 24. Kg4 d5 25. exd5 exd5 26. cxd5 Rxd5 27. Re4
Rxb5 28. Rb4 Rxb4+ 29. axb4 Nc6 30. Rd1 Ke6 31. Re1 Ra2 32. Nd4+ Nxd4 33. cxd4
Rxf2 34. Rxe5+ Kd6 35. Kg3 Rb2 36. b5 Rb4 37. Rf5 Rxd4 38. Rf7 Rb4 39. Rxg7
Rxb5 40. Rg6+ Kd5 41. Rxh6 c5 42. Rh7 c4 43. Rxb7 c3 44. Rc7 Rc5 45. Rf7 c2 46.
Rf1 c1=Q 47. Rxc1 Rxc1 48. h4 b5 49. h5 b4 50. h6 Rh1 51. Kg4 Rxh6 52. Kg5 Rh2
53. g4 b3 54. Kg6 b2 55. g5 b1=Q+ 56. Kg7 Rg2 57. g6 Rxg6+ 58. Kh8 Qh1# 0-1

[Event "Junior Online 4NCL Division 3"]
[Site "online"]
[Date "2021.02.04"]
[Round "2.122"]
[White "Catabay, Rezin C"]
[Black "Roul, Tushar"]
[Result "1-0"]
[WhiteElo "1493"]
[BlackElo "395"]
[PlyCount "69"]
[EventDate "2021.02.04"]
[WhiteTeam "Colchester Juniors A"]
[BlackTeam "East Kilbride Bishops"]

1. c4 Nf6 2. Nc3 e6 3. d4 Bb4 4. g3 c6 5. Bg2 d5 6. cxd5 exd5 7. Nf3 Ne4 8. Bd2
Nxd2 9. Qxd2 O-O 10. O-O Nd7 11. a3 Bd6 12. e4 dxe4 13. Nxe4 Bc7 14. Qb4 f5 15.
Nd6 a5 16. Qc4+ Kh8 17. Nf7+ Rxf7 18. Qxf7 Nf6 19. Qb3 h6 20. Rad1 b5 21. Ne5
Bxe5 22. dxe5 Nd5 23. Bxd5 cxd5 24. Qxd5 Qxd5 25. Rxd5 Ba6 26. Rfd1 Kh7 27. e6
Re8 28. Re5 Kg6 29. f4 Kf6 30. Rd6 Bc8 31. e7+ Kf7 32. Rd8 Be6 33. Rxe8 Kxe8
34. Rxe6 Kf7 35. e8=Q# 1-0

[Event "Junior Online 4NCL Division 3"]
[Site "online"]
[Date "2021.02.04"]
[Round "2.123"]
[White "Roul, Karan"]
[Black "Kanellopoulos, Nickolas"]
[Result "0-1"]
[WhiteElo "427"]
[BlackElo "1465"]
[PlyCount "102"]
[EventDate "2021.02.04"]
[WhiteTeam "East Kilbride Bishops"]
[BlackTeam "Colchester Juniors A"]

1. e4 e5 2. Nf3 Nc6 3. Nc3 Nf6 4. d4 exd4 5. Nxd4 Bb4 6. Nxc6 bxc6 7. Bd3 d5 8.
a3 dxe4 9. axb4 exd3 10. Qxd3 Qxd3 11. cxd3 Bf5 12. Ke2 O-O 13. Rd1 Rfe8+ 14.
Kf1 Rad8 15. b5 Bxd3+ 16. Kg1 Bxb5 17. Rxd8 Rxd8 18. Be3 a6 19. Nxb5 cxb5 20.
Kf1 Nd5 21. Rxa6 Nxe3+ 22. fxe3 Kf8 23. Ra7 Rc8 24. Rb7 c6 25. Rb6 Ke8 26. Ke2
Kd7 27. Kd3 Ke6 28. Kd4 Kd7 29. Kc5 h6 30. Kd4 c5+ 31. Kd5 b4 32. Rb5 Re8 33.
Rxc5 Rxe3 34. Rc4 Rd3+ 35. Rd4 Re3 36. Rxb4 Re2 37. Rb7+ Ke8 38. Kd6 Rd2+ 39.
Kc6 Rxg2 40. Kd6 Rd2+ 41. Ke5 Re2+ 42. Kd6 Re6+ 43. Kd5 Re2 44. b4 Rxh2 45. b5
Rd2+ 46. Kc6 Rc2+ 47. Kd6 Rd2+ 48. Kc6 Rb2 49. b6 h5 50. Rd7 Rxb6+ 51. Kxb6
Kxd7 0-1

[Event "Junior Online 4NCL Division 3"]
[Site "online"]
[Date "2021.02.04"]
[Round "2.124"]
[White "Catabay, Mae Katelyn Rose"]
[Black "Narasimhan, Srivathsan"]
[Result "1-0"]
[WhiteElo "1446"]
[BlackElo "410"]
[PlyCount "75"]
[EventDate "2021.02.04"]
[WhiteTeam "Colchester Juniors A"]
[BlackTeam "East Kilbride Bishops"]

1. e4 e5 2. f4 Nc6 3. Nf3 exf4 4. d4 Nf6 5. Nc3 Bb4 6. Bd3 O-O 7. O-O d6 8.
Bxf4 Bg4 9. Ne2 Bxf3 10. Rxf3 Ng4 11. c3 Qh4 12. Bg3 Qh6 13. cxb4 Ne3 14. Qd2
Ng4 15. Qxh6 Nxh6 16. b5 Nb4 17. a3 Nxd3 18. Rxd3 Rae8 19. Nc3 Ng4 20. h3 Nf6
21. Re1 d5 22. e5 Ne4 23. Nxe4 dxe4 24. Rxe4 f5 25. Re2 g5 26. h4 f4 27. Bf2
gxh4 28. Bxh4 Kh8 29. Kf2 Rg8 30. Bf6+ Rg7 31. Bxg7+ Kxg7 32. Kf3 Rf8 33. Re4
Re8 34. Rxf4 Re6 35. Ke4 Rb6 36. a4 a6 37. Rg3+ Kh8 38. Rf8# 1-0

[Event "Junior Online 4NCL Division 3"]
[Site "online"]
[Date "2021.02.04"]
[Round "2.125"]
[White "Rida, Ruqayyah"]
[Black "Nagar, Nikunj"]
[Result "0-1"]
[WhiteElo "1540"]
[BlackElo "658"]
[PlyCount "94"]
[EventDate "2021.02.04"]
[WhiteTeam "Colchester Juniors A"]
[BlackTeam "East Kilbride Bishops"]

1. e4 c5 2. Nf3 Nc6 3. d4 cxd4 4. Nxd4 Nxd4 5. Qxd4 Qb6 6. Qxb6 axb6 7. Be3 d6
8. Bxb6 g6 9. Bd4 Nf6 10. Nc3 Bg7 11. Bc4 Be6 12. Bxe6 fxe6 13. Be3 d5 14. exd5
Nxd5 15. Nxd5 exd5 16. c3 Rd8 17. Rd1 e6 18. Ke2 e5 19. Bg5 Rd7 20. Rd2 d4 21.
Rhd1 O-O 22. f3 h6 23. Bh4 g5 24. Bf2 Rfd8 25. c4 Kf8 26. b4 Ke8 27. c5 h5 28.
a4 Bh6 29. b5 g4 30. Rd3 gxf3+ 31. gxf3 Bf8 32. Rc1 Rc8 33. Bg3 b6 34. c6 Re7
35. Ra3 e4 36. fxe4 Rxe4+ 37. Kf3 Bxa3 38. Kxe4 Bxc1 39. Kxd4 Ra8 40. c7 Kd7
41. Kd5 Rxa4 42. Bf2 Rb4 43. Bxb6 Rxb5+ 44. Bc5 Ba3 45. c8=Q+ Kxc8 46. Ke4 Bxc5
47. Kf4 Bd6+ 0-1

[Event "Junior Online 4NCL Division 3"]
[Site "online"]
[Date "2021.02.04"]
[Round "2.126"]
[White "Roul, Tushar"]
[Black "Catabay, Rezin C"]
[Result "0-1"]
[WhiteElo "395"]
[BlackElo "1493"]
[PlyCount "66"]
[EventDate "2021.02.04"]
[WhiteTeam "East Kilbride Bishops"]
[BlackTeam "Colchester Juniors A"]

1. e4 e5 2. Nf3 Nf6 3. Bc4 Nxe4 4. Nc3 Nf6 5. Nxe5 d5 6. Qe2 Be7 7. Bb3 O-O 8.
O-O Nc6 9. Re1 Bd6 10. Nxc6 bxc6 11. d4 Re8 12. Qd1 Ne4 13. Nxe4 dxe4 14. Be3
Be6 15. d5 cxd5 16. c3 Qh4 17. g3 Qh3 18. Qe2 Bg4 19. Qf1 Qh5 20. Bd1 Bf3 21.
Bxf3 exf3 22. Bd4 c5 23. Be3 Rab8 24. b3 Re6 25. h4 Qg4 26. Kh1 Rbe8 27. Bd2
Re2 28. Rxe2 Rxe2 29. Bg5 h6 30. Bd8 Bxg3 31. fxg3 Qxg3 32. Qg1 Qh3+ 33. Qh2
Qxh2# 0-1

[Event "Junior Online 4NCL Division 3"]
[Site "online"]
[Date "2021.02.04"]
[Round "2.127"]
[White "Kanellopoulos, Nickolas"]
[Black "Roul, Karan"]
[Result "1-0"]
[WhiteElo "1465"]
[BlackElo "427"]
[PlyCount "115"]
[EventDate "2021.02.04"]
[WhiteTeam "Colchester Juniors A"]
[BlackTeam "East Kilbride Bishops"]

1. e4 d5 2. exd5 Nf6 3. Nc3 Nxd5 4. Nxd5 Qxd5 5. Nf3 Nc6 6. d3 e5 7. Be2 Bg4 8.
O-O Bxf3 9. Bxf3 Qd6 10. Re1 Be7 11. Qe2 O-O-O 12. Bxc6 Qxc6 13. Qxe5 Bf6 14.
Qf5+ Kb8 15. Qe4 Qxe4 16. dxe4 Rhe8 17. c3 Re7 18. Be3 Rxe4 19. Bxa7+ Kxa7 20.
Rxe4 Rd6 21. Ra4+ Kb8 22. Re1 b6 23. h3 Kb7 24. Rae4 Rd2 25. R4e2 Rd6 26. c4
Rc6 27. b3 Bc3 28. Rd1 Bf6 29. Rd7 Kc8 30. Rxf7 Rd6 31. Rf8+ Kb7 32. Rfe8 Rd1+
33. Re1 Rd2 34. R8e2 Rd6 35. Re6 Rd2 36. R1e2 Rd1+ 37. Kh2 Rd7 38. a3 Rd3 39.
R6e3 Rd6 40. b4 Rd4 41. Re4 Rd3 42. R2e3 Rd2 43. Kg3 Bg5 44. f4 Bf6 45. c5 b5
46. Re2 Rd3+ 47. R4e3 Rd4 48. Kf3 c6 49. g4 Bd8 50. g5 Bc7 51. Re7 Rxf4+ 52.
Kg2 Rf5 53. Rxg7 Rd5 54. Ree7 Rd2+ 55. Kf3 Rd3+ 56. Ke4 Rd1 57. Rxc7+ Ka6 58.
Ra7# 1-0

[Event "Junior Online 4NCL Division 3"]
[Site "online"]
[Date "2021.02.04"]
[Round "2.128"]
[White "Narasimhan, Srivathsan"]
[Black "Catabay, Mae Katelyn Rose"]
[Result "0-1"]
[WhiteElo "410"]
[BlackElo "1446"]
[PlyCount "58"]
[EventDate "2021.02.04"]
[WhiteTeam "East Kilbride Bishops"]
[BlackTeam "Colchester Juniors A"]

1. e4 Nf6 2. Nc3 d6 3. d4 Bd7 4. Nf3 g6 5. Bc4 Bg7 6. Bf4 O-O 7. O-O Nc6 8. e5
Nh5 9. exd6 Nxf4 10. Ne5 cxd6 11. Nxc6 bxc6 12. Qf3 Ne6 13. Bxe6 fxe6 14. Qh3
e5 15. Qh4 exd4 16. Ne4 Bf5 17. Ng5 h6 18. Nf3 g5 19. Qh5 Qe8 20. Qxe8 Raxe8
21. Rad1 e5 22. c3 c5 23. cxd4 exd4 24. Rfe1 Bg4 25. Rxe8 Rxe8 26. Rd3 Bxf3 27.
h3 Re1+ 28. Kh2 Be5+ 29. g3 Rh1# 0-1

[Event "Junior Online 4NCL Division 3"]
[Site "online"]
[Date "2021.02.04"]
[Round "2.131"]
[White "Bryant, Harry"]
[Black "Gandhi, Preesh"]
[Result "1-0"]
[WhiteElo "1460"]
[BlackElo "1065"]
[PlyCount "43"]
[EventDate "2021.02.04"]
[WhiteTeam "JHJ Shark Tank 3"]
[BlackTeam "Warwickshire Bears G"]

1. Nf3 Nc6 2. d4 d5 3. c4 e6 4. Nc3 Nf6 5. Bf4 Bd6 6. Bg3 O-O 7. c5 Be7 8. Nb5
Ne8 9. e3 b6 10. Qa4 bxc5 11. Nxc7 Nxc7 12. Qxc6 Ne8 13. Qxa8 Qa5+ 14. Nd2 Nf6
15. Qc6 Ne4 16. Rd1 Rd8 17. Bc7 Bd7 18. Qxd7 Rxd7 19. Bxa5 cxd4 20. Nxe4 dxe4
21. Rxd4 Rc7 22. Bxc7 1-0

[Event "Junior Online 4NCL Division 3"]
[Site "online"]
[Date "2021.02.04"]
[Round "2.132"]
[White "Vaidyanathan, Sathya"]
[Black "Hanache, Kai"]
[Result "0-1"]
[WhiteElo "1088"]
[BlackElo "1371"]
[PlyCount "110"]
[EventDate "2021.02.04"]
[WhiteTeam "Warwickshire Bears G"]
[BlackTeam "JHJ Shark Tank 3"]

1. e4 c5 2. Nf3 d6 3. Bc4 Nf6 4. Nc3 Nc6 5. d3 Bg4 6. h3 Bh5 7. Bg5 Nd4 8. g4
Bg6 9. Nxd4 cxd4 10. Bxf6 exf6 11. Bb5+ Ke7 12. Nd5+ Ke6 13. Nf4+ Ke5 14. Nxg6+
hxg6 15. Bc4 Qa5+ 16. Kf1 Qc7 17. Qf3 f5 18. gxf5 g5 19. f6 g6 20. Qg3+ Kxf6
21. f4 Bh6 22. fxg5+ Bxg5 23. h4 Bh6 24. h5 g5 25. Qg4 Rae8 26. Qf5+ Kg7 27.
Ke2 Re5 28. Qf2 Rhe8 29. Rhf1 d5 30. Bb5 Qxc2+ 31. Ke1 Qxf2+ 32. Rxf2 R8e7 33.
Re2 dxe4 34. dxe4 Rxe4 35. Rxe4 Rxe4+ 36. Kd2 Rh4 37. Be2 g4+ 38. Ke1 Rh1+ 39.
Kf2 Rxa1 40. Bxg4 Rxa2 41. Kf3 Rxb2 42. Ke4 Rb4 43. Kd3 Rb3+ 44. Kxd4 Rb4+ 45.
Ke5 Rxg4 46. Kd5 Rg5+ 47. Kd6 Rxh5 48. Kc7 a5 49. Kxb7 a4 50. Kb6 a3 51. Kb7 a2
52. Kb8 Rc5 53. Kb7 a1=Q 54. Kb8 Qb2+ 55. Ka7 Ra5# 0-1

[Event "Junior Online 4NCL Division 3"]
[Site "online"]
[Date "2021.02.04"]
[Round "2.133"]
[White "Vashisht-Pigem, Raman"]
[Black "Mykhnenko, Marijka"]
[Result "1/2-1/2"]
[WhiteElo "1405"]
[BlackElo "1027"]
[PlyCount "169"]
[EventDate "2021.02.04"]
[WhiteTeam "JHJ Shark Tank 3"]
[BlackTeam "Warwickshire Bears G"]

1. e4 e5 2. Nf3 Nc6 3. Bc4 Bc5 4. c3 Nf6 5. d4 exd4 6. cxd4 Be7 7. e5 Ng8 8.
O-O d6 9. exd6 cxd6 10. h3 Nf6 11. Re1 O-O 12. Nc3 d5 13. Bb3 Be6 14. Bf4 Nh5
15. Be5 Nxe5 16. Rxe5 Nf6 17. Qd3 Bd6 18. Ree1 Qd7 19. Ne5 Bxe5 20. dxe5 Ne8
21. Bc2 f5 22. exf6 Nxf6 23. Rad1 Rad8 24. Ba4 Qf7 25. Qe2 Bf5 26. Qe7 Qxe7 27.
Rxe7 Rf7 28. Re5 Bg6 29. Nxd5 Nxd5 30. Rexd5 Rxd5 31. Rxd5 Rf8 32. Rd7 Be4 33.
Bb3+ Kh8 34. f3 Bc6 35. Re7 h6 36. Kf2 Kh7 37. Bc2+ Kh8 38. Be4 Bxe4 39. Rxe4
Kh7 40. Re7 Rb8 41. Ke3 a6 42. Kd4 Kg6 43. Ke3 Kf6 44. Rc7 g5 45. Kf2 Kg6 46.
Kg3 Kh5 47. Rg7 b5 48. Kf2 Rb6 49. Re7 Kg6 50. Ke3 Rc6 51. Kd4 Rc2 52. Re6+ Kg7
53. Rxa6 Rxb2 54. Kc5 Rxg2 55. Kxb5 Rg3 56. a4 Rxf3 57. Ra7+ Kg6 58. a5 Rxh3
59. a6 g4 60. Rc7 Ra3 61. Rc4 Kh5 62. Ra4 Rxa4 63. Kxa4 g3 64. a7 g2 65. a8=Q
g1=Q 66. Qd5+ Qg5 67. Qf7+ Kg4 68. Qd7+ Kh4 69. Kb3 h5 70. Qd4+ Qg4 71. Qf6+
Kg3 72. Qd6+ Kh3 73. Kc2 h4 74. Qd3+ Qg3 75. Qd7+ Kh2 76. Kd1 h3 77. Qd2+ Qg2
78. Qf4+ Kg1 79. Ke1 Kh1 80. Qf1+ Qxf1+ 81. Kxf1 Kh2 82. Kf2 Kh1 83. Kf1 Kh2
84. Kf2 Kh1 85. Kf1 1/2-1/2

[Event "Junior Online 4NCL Division 3"]
[Site "online"]
[Date "2021.02.04"]
[Round "2.134"]
[White "Pal, Rhea"]
[Black "Yu, Rock"]
[Result "0-1"]
[WhiteElo "1028"]
[BlackElo "1450"]
[PlyCount "90"]
[EventDate "2021.02.04"]
[WhiteTeam "Warwickshire Bears G"]
[BlackTeam "JHJ Shark Tank 3"]

1. d4 Nf6 2. Bf4 g6 3. e3 Bg7 4. Be2 d6 5. Nf3 O-O 6. O-O Nbd7 7. Nbd2 Qe8 8.
c3 e5 9. Bg3 Qe7 10. Qc2 Re8 11. Rad1 exd4 12. cxd4 Nb6 13. Rc1 c6 14. Qb3 Be6
15. Qa3 d5 16. Qxe7 Rxe7 17. Bd6 Rd7 18. Bb4 Re8 19. Ne5 Rdd8 20. Rc2 Bf5 21.
Rc3 Ne4 22. Rb3 Nxd2 23. Bxd2 Bxe5 24. dxe5 Rxe5 25. Ba5 d4 26. Bxb6 axb6 27.
Rxb6 dxe3 28. Rxb7 exf2+ 29. Rxf2 Rd2 30. Bc4 Re1+ 31. Rf1 Rxf1+ 32. Kxf1 Be6
33. Rb8+ Kg7 34. Bxe6 fxe6 35. Rb7+ Kf6 36. Rxh7 Rxb2 37. a4 Ra2 38. Ra7 c5 39.
a5 c4 40. a6 c3 41. Rc7 c2 42. a7 Ke5 43. Ke2 c1=Q+ 44. Rc2 Qxc2+ 45. Ke3 Qe2#
0-1

[Event "Junior Online 4NCL Division 3"]
[Site "online"]
[Date "2021.02.04"]
[Round "2.135"]
[White "Gandhi, Preesh"]
[Black "Bryant, Harry"]
[Result "0-1"]
[WhiteElo "1065"]
[BlackElo "1460"]
[PlyCount "42"]
[EventDate "2021.02.04"]
[WhiteTeam "Warwickshire Bears G"]
[BlackTeam "JHJ Shark Tank 3"]

1. e4 c6 2. d4 d5 3. e5 Bf5 4. Nc3 e6 5. Nf3 Bb4 6. Bd2 c5 7. Bb5+ Nc6 8. dxc5
Bxc5 9. O-O h5 10. Bg5 f6 11. exf6 Nxf6 12. Ne5 Qc7 13. Ng6 Ng4 14. g3 Bxg6 15.
Re1 O-O 16. Rxe6 Nxf2 17. Qd2 Ne4+ 18. Kg2 Nxd2 19. Bxc6 Rf2+ 20. Kg1 Nf3+ 21.
Kh1 Rxh2# 0-1

[Event "Junior Online 4NCL Division 3"]
[Site "online"]
[Date "2021.02.04"]
[Round "2.136"]
[White "Hanache, Kai"]
[Black "Vaidyanathan, Sathya"]
[Result "1-0"]
[WhiteElo "1371"]
[BlackElo "1088"]
[PlyCount "127"]
[EventDate "2021.02.04"]
[WhiteTeam "JHJ Shark Tank 3"]
[BlackTeam "Warwickshire Bears G"]

1. d4 d5 2. c4 e6 3. cxd5 exd5 4. Nc3 Nf6 5. Nf3 Nc6 6. g3 Be6 7. Bg2 Bb4 8.
O-O O-O 9. Bg5 h6 10. Bf4 Bd6 11. Ne5 Nh5 12. Nxd5 Nxf4 13. Nxc6 Nxe2+ 14. Qxe2
bxc6 15. Nc3 Qd7 16. Qf3 c5 17. dxc5 Bxc5 18. Rfd1 Qe7 19. a3 Rfd8 20. b4 Bb6
21. Nd5 Bxd5 22. Rxd5 Rxd5 23. Qxd5 Rd8 24. Qf3 Rd2 25. Rf1 Rd8 26. Qe4 Qxe4
27. Bxe4 Rd4 28. Bb1 Rd2 29. Kg2 g6 30. a4 Rb2 31. b5 Rb4 32. Bc2 Rc4 33. Bb3
Rb4 34. Rb1 Rd4 35. Re1 Rd2 36. Rf1 Rb2 37. Bd5 Rb4 38. Re1 Rxa4 39. Re8+ Kg7
40. Re7 h5 41. Rxf7+ Kh6 42. f4 Ra2+ 43. Bxa2 Bd4 44. h4 Bg7 45. Rxg7 Kxg7 46.
Kf3 Kf6 47. Ke4 Ke7 48. Ke5 Kd7 49. Kf6 c6 50. bxc6+ Kxc6 51. Kxg6 a5 52. Kxh5
a4 53. Kg5 a3 54. h5 Kc5 55. h6 Kb4 56. h7 Kc3 57. h8=Q+ Kb4 58. f5 Ka4 59. f6
Kb4 60. f7 Kb5 61. f8=Q Kc6 62. Qc3+ Kb5 63. Qb8+ Ka4 64. Bb3# 1-0

[Event "Junior Online 4NCL Division 3"]
[Site "online"]
[Date "2021.02.04"]
[Round "2.137"]
[White "Mykhnenko, Marijka"]
[Black "Vashisht-Pigem, Raman"]
[Result "0-1"]
[WhiteElo "1027"]
[BlackElo "1405"]
[PlyCount "110"]
[EventDate "2021.02.04"]
[WhiteTeam "Warwickshire Bears G"]
[BlackTeam "JHJ Shark Tank 3"]

1. e4 e5 2. Nf3 Nc6 3. Bc4 Bc5 4. c3 Nf6 5. d4 exd4 6. cxd4 Bb4+ 7. Nc3 Nxe4 8.
Qe2 Bxc3+ 9. bxc3 d5 10. Bd3 O-O 11. Bxe4 dxe4 12. Nd2 Bf5 13. O-O Re8 14. Bb2
Qf6 15. Nb3 Qg6 16. Kh1 e3 17. fxe3 Bd3 18. Qf2 Bxf1 19. Rxf1 b6 20. a3 Re7 21.
Nc1 Rae8 22. Re1 Qh6 23. h3 Rxe3 24. Rxe3 Qxe3 25. Qxe3 Rxe3 26. Nb3 Re1+ 27.
Kh2 Rb1 28. d5 Nd8 29. Bc1 Rxb3 30. Bf4 Rxc3 31. Bg5 f6 32. Bd2 Rxa3 33. Bb4
Rd3 34. d6 cxd6 35. Kg1 Kf7 36. Kf2 Ke6 37. Ke2 Rb3 38. Bd2 Nc6 39. Kf1 Rb1+
40. Be1 Nd4 41. Kf2 Rxe1 42. Kxe1 Kd5 43. Kd2 Kc4 44. Kc1 a5 45. Kb2 b5 46. Kc1
a4 47. Kb2 b4 48. Kc1 b3 49. Kb2 Kb4 50. Kb1 a3 51. g4 Kc3 52. Ka1 Nc2+ 53. Kb1
b2 54. Ka2 Nb4+ 55. Kb1 a2# 0-1

[Event "Junior Online 4NCL Division 3"]
[Site "online"]
[Date "2021.02.04"]
[Round "2.138"]
[White "Yu, Rock"]
[Black "Pal, Rhea"]
[Result "1-0"]
[WhiteElo "1450"]
[BlackElo "1028"]
[PlyCount "43"]
[EventDate "2021.02.04"]
[WhiteTeam "JHJ Shark Tank 3"]
[BlackTeam "Warwickshire Bears G"]

1. Nc3 e6 2. Nf3 d5 3. d4 Bb4 4. Qd3 Ne7 5. a3 Bd6 6. e3 c6 7. Qd1 O-O 8. Bd3
Nd7 9. O-O b6 10. Bd2 Bb7 11. e4 c5 12. e5 Bc7 13. dxc5 bxc5 14. Nb5 a6 15.
Nxc7 Qxc7 16. Bxh7+ Kh8 17. Bd3 f6 18. Ng5 fxg5 19. Qh5+ Kg8 20. Bh7+ Kh8 21.
Bg6+ Kg8 22. Qh7# 1-0

[Event "Junior Online 4NCL Division 3"]
[Site "online"]
[Date "2021.02.04"]
[Round "2.141"]
[White "Kumar, Sanjit S"]
[Black "Smith, Ryan S"]
[Result "0-1"]
[WhiteElo "1611"]
[BlackElo "1769"]
[PlyCount "70"]
[EventDate "2021.02.04"]
[WhiteTeam "KCJS 2"]
[BlackTeam "KEGS A"]

1. e4 c5 2. Nf3 Nc6 3. Bb5 g6 4. Bxc6 dxc6 5. O-O Bg7 6. Re1 e5 7. d3 Qc7 8.
Be3 b6 9. c3 Ne7 10. d4 cxd4 11. cxd4 exd4 12. Bxd4 O-O 13. Bxg7 Kxg7 14. Qd4+
Kg8 15. Nc3 Bb7 16. Rad1 Rad8 17. Qe3 Rfe8 18. Qh6 f6 19. e5 Nf5 20. Qf4 Rxd1
21. Nxd1 fxe5 22. Nxe5 c5 23. Qc4+ Kf8 24. Qc3 Nd4 25. Qg3 Kg7 26. Nc3 Qe7 27.
f4 Nf5 28. Qg4 Qd6 29. Qd1 Qd4+ 30. Qxd4 cxd4 31. Ne4 Bxe4 32. Rxe4 Rd8 33. g4
Nh4 34. Kf2 d3 35. Ke3 d2 0-1

[Event "Junior Online 4NCL Division 3"]
[Site "online"]
[Date "2021.02.04"]
[Round "2.142"]
[White "Siddharth, Lakshan"]
[Black "Soulier, Alfred"]
[Result "0-1"]
[WhiteElo "1579"]
[BlackElo "1647"]
[PlyCount "120"]
[EventDate "2021.02.04"]
[WhiteTeam "KEGS A"]
[BlackTeam "KCJS 2"]

1. e4 c5 2. c3 Nf6 3. e5 Nd5 4. d4 cxd4 5. Nf3 Nc6 6. cxd4 d6 7. Bc4 Nb6 8. Bb5
dxe5 9. Nxe5 Bd7 10. Nxd7 Qxd7 11. O-O e6 12. Nc3 Be7 13. Qg4 O-O 14. Bxc6 bxc6
15. Bh6 Bf6 16. Rfd1 Qe7 17. Ne4 Nd5 18. Rac1 Rac8 19. h4 Kh8 20. Bg5 Bxg5 21.
hxg5 Rfd8 22. Rd3 Qf8 23. Rh3 Qg8 24. Qf3 Rc7 25. g3 Ne7 26. Kg2 Nf5 27. Rch1
Ne7 28. Qh5 Ng6 29. Qxh7+ Qxh7 30. Rxh7+ Kg8 31. R7h2 Rxd4 32. Nc3 a6 33. Rc1
Rd2 34. Rb1 c5 35. Rhh1 Kf8 36. Rhd1 Rcd7 37. Rxd2 Rxd2 38. Ne4 Rd5 39. Rc1 Re5
40. Nxc5 Rxg5 41. Ne4 Re5 42. Kf3 Ke7 43. Rc7+ Kf8 44. Rc8+ Ke7 45. Rc7+ Kf8
46. Ra7 a5 47. Nc3 f6 48. Kg2 Ne7 49. f4 Rc5 50. Kf3 Nd5 51. Nxd5 Rxd5 52. Ke3
g5 53. fxg5 Rxg5 54. Ra6 Ke7 55. Kf3 e5 56. a3 Kf7 57. Rxa5 e4+ 58. Kxe4 Rxa5
59. b4 Rxa3 60. b5 Rb3 0-1

[Event "Junior Online 4NCL Division 3"]
[Site "online"]
[Date "2021.02.04"]
[Round "2.143"]
[White "Patel, Zain"]
[Black "Caves, Fraser"]
[Result "1-0"]
[WhiteElo "1573"]
[BlackElo "1471"]
[PlyCount "33"]
[EventDate "2021.02.04"]
[WhiteTeam "KCJS 2"]
[BlackTeam "KEGS A"]

1. d4 d5 2. c4 Nf6 3. Nc3 e6 4. Bg5 Bb4 5. e3 Bd7 6. Nf3 Nc6 7. Be2 dxc4 8.
Bxc4 h6 9. Bh4 g5 10. Bg3 Ne4 11. Qc2 Nxg3 12. hxg3 Qe7 13. O-O-O Na5 14. Bd3
O-O-O 15. d5 Bxc3 16. Qxc3 b6 17. d6 1-0

[Event "Junior Online 4NCL Division 3"]
[Site "online"]
[Date "2021.02.04"]
[Round "2.144"]
[White "Arun Jacob, Nigel A"]
[Black "Gupta, Aarav G"]
[Result "1-0"]
[WhiteElo "1455"]
[BlackElo "1310"]
[PlyCount "67"]
[EventDate "2021.02.04"]
[WhiteTeam "KEGS A"]
[BlackTeam "KCJS 2"]

1. d4 d5 2. c4 e6 3. Bf4 Nc6 4. Nf3 Nf6 5. Nc3 Bb4 6. e3 O-O 7. a3 Bxc3+ 8.
bxc3 Ne4 9. Qc2 Bd7 10. cxd5 exd5 11. Bd3 Bf5 12. Nd2 Qe7 13. O-O Nxd2 14. Qxd2
Bxd3 15. Qxd3 Qf6 16. Bxc7 Rac8 17. Bg3 Rcd8 18. Rab1 Rb8 19. Bxb8 Rxb8 20. Rb2
Na5 21. Rfb1 b6 22. Rb5 Rd8 23. h3 Nc4 24. Rxd5 Rxd5 25. Qxc4 Rd8 26. Qc7 Ra8
27. Qb7 Qd8 28. Rb5 Rc8 29. Qd5 Qf8 30. Rb3 Qe7 31. c4 h6 32. Rc3 a6 33. c5 b5
34. c6 1-0

[Event "Junior Online 4NCL Division 3"]
[Site "online"]
[Date "2021.02.04"]
[Round "2.145"]
[White "Smith, Ryan S"]
[Black "Kumar, Sanjit S"]
[Result "1-0"]
[WhiteElo "1769"]
[BlackElo "1611"]
[PlyCount "103"]
[EventDate "2021.02.04"]
[WhiteTeam "KEGS A"]
[BlackTeam "KCJS 2"]

1. d4 d5 2. Nf3 Nf6 3. g3 g6 4. Bg2 Bg7 5. O-O O-O 6. c4 e6 7. Nc3 c6 8. b3
Nbd7 9. Bb2 Qc7 10. Qc2 Re8 11. Ne5 Nxe5 12. dxe5 Nd7 13. cxd5 exd5 14. Nxd5
Qd8 15. Nf6+ Nxf6 16. exf6 Bxf6 17. Rfd1 Qe7 18. Rd2 Bf5 19. Bxf6 Qxf6 20. Qb2
Qxb2 21. Rxb2 Rad8 22. h3 Rd4 23. g4 Be4 24. f3 Bd5 25. e4 Be6 26. Bf1 Red8 27.
Be2 Kg7 28. Kf2 Kf6 29. Ke3 g5 30. Rc1 Ke5 31. Rc5+ Kf6 32. f4 gxf4+ 33. Kxf4
Bd5 34. Bf3 b6 35. Rcc2 Re8 36. Rd2 Rxd2 37. Rxd2 Be6 38. e5+ Kg7 39. Bxc6 Rc8
40. Be4 Rc7 41. g5 Bxh3 42. Rh2 Be6 43. Rxh7+ Kg8 44. g6 Rd7 45. Kg5 fxg6 46.
Rxd7 Bxd7 47. Kxg6 Kf8 48. Kf6 a5 49. Bg6 b5 50. e6 Bxe6 51. Kxe6 a4 52. b4 1-0

[Event "Junior Online 4NCL Division 3"]
[Site "online"]
[Date "2021.02.04"]
[Round "2.146"]
[White "Soulier, Alfred"]
[Black "Siddharth, Lakshan"]
[Result "1/2-1/2"]
[WhiteElo "1647"]
[BlackElo "1579"]
[PlyCount "217"]
[EventDate "2021.02.04"]
[WhiteTeam "KCJS 2"]
[BlackTeam "KEGS A"]

1. d4 Nf6 2. Nc3 d5 3. Bg5 Nbd7 4. Nf3 g6 5. e3 Bg7 6. Be2 O-O 7. O-O c6 8. Qd2
Re8 9. Bf4 Nh5 10. Bg3 Nxg3 11. hxg3 e5 12. dxe5 Nxe5 13. Rad1 Qb6 14. b3 Qb4
15. Na4 Nxf3+ 16. Bxf3 Qa3 17. Nc3 Qb2 18. Ne2 Qxa2 19. Nd4 Qa6 20. Be2 Qb6 21.
Nf3 a5 22. Rb1 Qa7 23. c3 b5 24. Nd4 Bd7 25. Ra1 a4 26. bxa4 bxa4 27. Qa2 c5
28. Nc2 Bxc3 29. Rab1 Bf5 30. g4 Bxc2 31. Qxc2 Bg7 32. Bb5 Reb8 33. Bc6 Rxb1
34. Rxb1 Rd8 35. Bxa4 c4 36. Bb5 Qc5 37. Qa4 Rc8 38. Bd7 Rc7 39. Bb5 c3 40. Qc2
Ra7 41. Bd3 Qa5 42. Qb3 Qa2 43. Qxa2 Rxa2 44. Rc1 d4 45. exd4 Bxd4 46. Rf1 Rb2
47. Be4 c2 48. Bxc2 Rxc2 49. Rd1 Rc4 50. Kf1 Kg7 51. Ke2 Kh6 52. Kd3 Ra4 53.
Ke2 Ra2+ 54. Kd3 Ra8 55. Rd2 Ba7 56. Ke2 Re8+ 57. Kf3 Re6 58. Kg3 Kg5 59. f4+
Kh6 60. Rd7 Kg7 61. Rxa7 Re3+ 62. Kf2 Re4 63. Kf3 Rc4 64. Ra6 Rc3+ 65. Kf2 Rc2+
66. Kf3 Rc3+ 67. Kf2 Rc4 68. Kf3 Rc5 69. Ra2 f5 70. g5 Rc3+ 71. Kf2 Rc7 72. Kf3
h6 73. gxh6+ Kxh6 74. Re2 Kh5 75. Re1 Rc3+ 76. Kf2 Kg4 77. Ra1 Kxf4 78. Ra4+
Kg5 79. Rb4 Rc2+ 80. Kf3 Rc1 81. Kf2 Rc8 82. g3 Re8 83. Kf3 Re4 84. Rxe4 fxe4+
85. Kxe4 Kg4 86. Ke5 g5 87. Kf6 Kh5 88. Kf5 g4 89. Kf4 Kh6 90. Kxg4 Kg6 91. Kf4
Kf6 92. g4 Kg6 93. g5 Kg7 94. Kg3 Kh7 95. Kh4 Kg8 96. Kg4 Kg7 97. Kg3 Kf7 98.
Kf3 Kg6 99. Kg4 Kg7 100. Kf5 Kf7 101. g6+ Kg8 102. Kg4 Kg7 103. Kg5 Kg8 104.
Kg4 Kf8 105. Kf4 Kg7 106. Kg5 Kg8 107. Kf6 Kh8 108. g7+ Kg8 109. Kg6 1/2-1/2

[Event "Junior Online 4NCL Division 3"]
[Site "online"]
[Date "2021.02.04"]
[Round "2.147"]
[White "Caves, Fraser"]
[Black "Patel, Zain"]
[Result "0-1"]
[WhiteElo "1471"]
[BlackElo "1573"]
[PlyCount "66"]
[EventDate "2021.02.04"]
[WhiteTeam "KEGS A"]
[BlackTeam "KCJS 2"]

1. e4 c5 2. Nc3 e6 3. Nf3 Nc6 4. d3 Nf6 5. Be2 d5 6. Bg5 dxe4 7. Nxe4 Be7 8.
Ng3 O-O 9. Qd2 Nb4 10. h4 Qa5 11. c3 Nbd5 12. h5 h6 13. Bxh6 gxh6 14. Qxh6 Ng4
15. Qd2 Bf6 16. Nd4 cxd4 17. Bxg4 dxc3 18. Qh6 cxb2+ 19. Ke2 Nc3+ 20. Kf3
bxa1=Q 21. Rxa1 Qg5 22. Qxg5+ Bxg5 23. Rh1 f5 24. h6 fxg4+ 25. Kxg4 Bxh6 26.
Rxh6 e5+ 27. Kh5 Kg7 28. Rg6+ Kf7 29. Kh6 Rh8+ 30. Kg5 Rg8 31. Rxg8 Kxg8 32.
Nh5 Nxa2 33. Nf6+ Kf7 0-1